000 00355nam a2200133Ia 4500
008 151001s9999||||xx |||||||||||||| ||und||
100 _aWaldo Trine Ralph
245 _aIn Tune with the infinite
250 _a1
260 _bg.bell & sons
260 _c1937
300 _a226
365 _b7
999 _c949766
_d949763